000
00233nam a22000857a 4500
008
160914b xxu||||| |||| 00| 0 eng d
100
_9
476
_a
Kumar.S. etal
245
_a
English Communicative-1
260
_a
New Delhi
_b
Frank Publications
_c
2011
999
_c
3133
_d
3133